Suleman v Shahsavari (Record no. 14045)

MARC details
000 -LEADER
fixed length control field 01518cab a2200217 4500
001 - CONTROL NUMBER
control field ABS40042
008 - FIXED-LENGTH DATA ELEMENTS--GENERAL INFORMATION
fixed length control field 090401t1988 xxu||||| |||| 00| 0 eng d
035 ## - SYSTEM CONTROL NUMBER
System control number (Sirsi) u20942
041 ## - LANGUAGE CODE
Language code of text/sound track or separate title eng
245 ## - TITLE STATEMENT
Title Suleman v Shahsavari
260 ## - PUBLICATION, DISTRIBUTION, ETC.
Date of publication, distribution, etc. 1988
350 ## - PRICE (NR) (BK AM CF MU VM SE) [OBSOLETE]
Price 0
490 ## - SERIES STATEMENT
Series statement Weekly Law Reports
Volume/sequential designation (1988) 1 WLR 1181-1185(5)
520 ## - SUMMARY, ETC.
Summary, etc. ChD 17 June 1988 Suleman (S) agreed to purchase a house for £46,500 and contracts were exchanged signed by the vendors` (V) solicitor . V who were husband and wife refused to complete, claiming that the solicitor had no authority to sign the contract on their behalf. S claimed specific performance or damages against V and damages against V`s solicitor for breach of warranty of authority. The value of the house just before the action was £76,000. QBD found that the solicitor did not have the authority to act for the vendor, so S`s claim against V failed, but the claim against V`s solicitor must therefore succeed. At issue, however, was the measure of damages to be awarded. ChD held that although the usual measure of damages at for loss of bargain for a house sale was the difference between the contract price and the price at completion, it was not an absolute rule and damages might be assessed by reference to the value at a different date if it would be more than just to do so. In thi
650 ## - SUBJECT ADDED ENTRY--TOPICAL TERM
Topical term or geographic name entry element CONVEYANCING
650 ## - SUBJECT ADDED ENTRY--TOPICAL TERM
Topical term or geographic name entry element HOUSE TRANSFER
650 ## - SUBJECT ADDED ENTRY--TOPICAL TERM
Topical term or geographic name entry element NEGLIGENCE
690 ## - LOCAL SUBJECT ADDED ENTRY--TOPICAL TERM (OCLC, RLIN)
Topical term or geographic name as entry element PROPERTY LAW AND PRACTICE-CASE LAW
942 ## - ADDED ENTRY ELEMENTS (KOHA)
Suppress in OPAC 0
948 ## - LOCAL PROCESSING INFORMATION (OCLC); SERIES PART DESIGNATOR (RLIN)
c (OCLC) 04/03/1997
Holdings
Withdrawn status Lost status Source of classification or shelving scheme Damaged status Not for loan Home library Current library Shelving location Date acquired Total Checkouts Full call number Barcode Date last seen Copy number Price effective from Koha item type
    Dewey Decimal Classification     London London Journal article 14/09/1999   ABS40042 20942-1001 06/08/2019 1 06/08/2019 Law report